| Tag |
First Indicator |
Second Indicator |
Subfields |
| LEADER |
00000cam a22000001a 4500 |
| 001 |
in00004119476 |
| 005 |
20200117092512.0 |
| 006 |
m d f |
| 007 |
cr bn mmmapmmp |
| 008 |
101206s2010 dcua ob f000 0 eng d |
| 035 |
|
|
|a chdc201102093
|
| 040 |
|
|
|a UMI
|c UMI
|d UtOrBLW
|
| 043 |
|
|
|a n-us---
|
| 086 |
0 |
|
|a Y 4.J 89/2:S.HRG.111-503
|
| 110 |
1 |
|
|a United States.
|b Congress.
|b Senate.
|b Committee on the Judiciary.
|0 http://id.loc.gov/authorities/names/n82209587
|
| 245 |
1 |
0 |
|a Confirmation hearing on the nomination of Hon. Sonia Sotomayor, to be an associate justice of the Supreme Court of the United States :
|b hearing before the Committee on the Judiciary, United States Senate, One Hundred Eleventh Congress, first session, July 13-16, 2009.
|
| 264 |
|
1 |
|a Washington :
|b U.S. G.P.O.,
|c 2010.
|
| 264 |
|
2 |
|a Washington :
|b For sale by the Supt. of Docs., U.S. G.P.O.
|
| 300 |
|
|
|a ix, 1396 pages :
|b illustrations, digital, PDF file.
|
| 336 |
|
|
|a text
|b txt
|2 rdacontent
|
| 337 |
|
|
|a computer
|b c
|2 rdamedia
|
| 338 |
|
|
|a online resource
|b cr
|2 rdacarrier
|
| 490 |
1 |
|
|a S. hrg. ;
|v 111-503
|
| 500 |
|
|
|a Shipping list number: 2010-0319-P.
|
| 504 |
|
|
|a Includes bibliographical references.
|
| 500 |
|
|
|a "Serial number J-111-34."
|
| 500 |
|
|
|a Record is based on bibliographic data in ProQuest Congressional Hearings Digital Collection. Reuse except for individual research requires license from ProQuest, LLC.
|
| 500 |
|
|
|a Electronic resource.
|
| 533 |
|
|
|a Electronic reproduction.
|b [Bethesda, Md.] :
|c ProQuest,
|d 2011.
|e digital, PDF file.
|n ProQuest Congressional Hearings Digital Collection.
|n Mode of access: World Wide Web via ProQuest website.
|
| 538 |
|
|
|a System requirements: PDF reader software.
|
| 600 |
1 |
0 |
|a Sotomayor, Sonia,
|d 1954-
|0 http://id.loc.gov/authorities/names/no2009082843
|
| 610 |
1 |
0 |
|a United States.
|b Supreme Court
|x Officials and employees
|x Selection and appointment.
|
| 650 |
|
0 |
|a Judges
|x Selection and appointment
|z United States.
|0 http://id.loc.gov/authorities/subjects/sh2008106229
|
| 776 |
0 |
8 |
|i Print version:
|a United States. Congress. Senate. Committee on the Judiciary.
|t Confirmation hearing on the nomination of Hon. Sonia Sotomayor, to be an associate justice of the Supreme Court of the United States
|w 2010478991
|w (OCoLC)ocn645463485
|z 9780160860843
|z 0160860849
|
| 776 |
0 |
8 |
|i Microfiche version:
|a United States. Congress. Senate. Committee on the Judiciary.
|t Confirmation hearing on the nomination of Hon. Sonia Sotomayor, to be an associate justice of the Supreme Court of the United States
|d [Bethesda, Md.] : ProQuest,[2011]
|o CIS 2011 S521-1
|w (ProQuest)cis01104014
|
| 810 |
1 |
|
|a United States.
|b Congress.
|b Senate.
|t S. hrg. ;
|v 111-503.
|0 http://id.loc.gov/authorities/names/n83707917
|
| 856 |
4 |
0 |
|u http://proxy.library.tamu.edu/login?url=http://search.proquest.com/congcomp/getdoc?HEARING-ID=HRG-2009-SJS-0046
|y Electronic resource (PDF)
|t 0
|
| 998 |
|
|
|a cis01104014
|
| 999 |
f |
f |
|s 40633561-bce3-3f73-914c-d55dd15088b3
|i afe8b429-c641-3f3e-b27a-6df91f7f43fd
|t 0
|
| 952 |
f |
f |
|a Texas A&M University
|b College Station
|c Electronic Resources
|d Available Online
|t 0
|e Y 4.J 89/2:S.HRG.111-503
|h Superintendent of Documents classification
|
| 998 |
f |
f |
|a Y 4.J 89/2:S.HRG.111-503
|t 0
|l Available Online
|